L'espresso il '68.

Na minha lista:
Detalhes bibliográficos
Outros Autores: Ajello, Nello (Author of afterword, colophon, etc.), Erbani, Francesco (Editor)
Formato: Livro
Idioma:Língua italiana
Publicado em: Roma : L'Espresso, [2008!
Tags: Adicionar Tag
Sem tags, seja o primeiro a adicionar uma tag!

MARC

LEADER 00000nam a22000007ic4500
001 IT\ICCU\RAV\1646918
003 ItRI
005 20260115232405.0
008 080216s2008 it |||||| ||||| |||||c
040 |b ita  |c importazione bologna sebina 
041 7 |a ita  |2 ISO-639-2 
082 |a 945.0926  |9 STORIA D'ITALIA. 1960-1969  |2 19 
245 0 0 |a L'espresso il '68.  |c antologia a cura di Francesco Erbani ; testo introduttivo di Nello Ajello. 
260 |a Roma :  |b L'Espresso,  |c [2008! 
300 |a 447 p. :  |b ill. ;  |c 28 cm. 
700 1 |a Ajello, Nello  |0 IT\ICCU\CFIV\047784  |4 aft 
700 1 |a Erbani, Francesco  |0 IT\ICCU\CFIV\090170  |4 edt 
773 0 |w IT\ICCU\UBO\3371635  |t L'espresso il '68  |g 2 
942 |2 ddc  |c BK  |n 0 
952 |0 0  |1 0  |4 0  |6 DOC_322_400000000000000_ERB  |7 0  |9 25280  |a BO  |b BO  |d 2026-01-15  |i 12071  |l 0  |o DOC 322.4 ERB  |p BO12071  |r 2026-01-15 23:24:05  |w 2026-01-15  |x [Sebina 7] [v. 1-2]  |y BK  |z v. 2 
999 |c 21477  |d 21477